[Event "AUTO-ELITE-40"]
[Site "http://www.queenalice.com/game.php?id=107781"]
[Date "2006.9.19"]
[Round "2"]
[White "saint_bazoka"]
[Black "aeapmestre"]
[Result "0-1"]
[WhiteElo "1915"]
[BlackElo "2105"]

1. g3 Nf6 2. c4 d6 3. Nc3 g6 4. Bg2 Bg7 5. e4 c5 6. d3 Nc6 7. f4 O-O 8. Nf3 Bg4
9. O-O Qd7 10. Be3 Bh3 11. Qe2 Bxg2 12. Kxg2 b6 13. h3 e6 14. g4 d5 15. cxd5
exd5 16. g5 dxe4 17. dxe4 Nh5 18. Rad1 Qe6 19. f5 gxf5 20. exf5 Qxf5 21. Nh4 Qe5
22. Qxh5 Qxe3 23. Nf5 Qe8 24. Nxg7 Kxg7 25. Qh6+ Kg8 26. Rfe1 Ne5 27. Qf6 Qc6+
28. Nd5 Rad8 0-1

[Event "AUTO-OPEN-270"]
[Site "http://www.queenalice.com/game.php?id=107793"]
[Date "2006.9.19"]
[Round "2"]
[White "randz12"]
[Black "saint_bazoka"]
[Result "1-0"]
[WhiteElo "1554"]
[BlackElo "1986"]

1. e4 c5 2. Nf3 g6 3. Bc4 Bg7 4. Ng5 e6 5. Qf3 Qxg5 6. Na3 Nc6 7. Nb5 Qe5 8. d3
d5 9. O-O dxc4 10. Bf4 Nd4 11. Bxe5 Nxf3+ 12. gxf3 Bxe5 13. a4 cxd3 14. cxd3 a6
15. Na3 Bxb2 16. Ra2 Bd4 17. Nc4 Ne7 18. Nd6+ Kd7 19. Nxf7 Rf8 20. Ng5 h6 21.
Nh7 Rxf3 22. Kg2 Rf7 23. f3 Nc6 24. h4 Nb4 25. Rd2 1-0

[Event "AUTO-OPEN-270"]
[Site "http://www.queenalice.com/game.php?id=107794"]
[Date "2006.9.19"]
[Round "2"]
[White "saint_bazoka"]
[Black "randz12"]
[Result "0-1"]
[WhiteElo "2016"]
[BlackElo "1524"]

1. e4 e5 2. f4 exf4 3. Nf3 g6 4. d4 Bg7 5. Bxf4 Nc6 6. c3 Nf6 7. Bd3 a6 8. O-O
b5 9. a4 b4 10. e5 Nd5 11. Bg5 f6 12. exf6 Bxf6 13. Bh6 Na5 14. c4 Ne7 15. Nbd2
d6 16. Qe2 Bf5 17. Bxf5 gxf5 18. Qe6 Bxd4+ 19. Nxd4 Qd7 20. Rxf5 Nb7 21. Qf7+
Kd8 22. Bg5 Kc8 23. Qxe7 h6 24. Qxd7+ Kxd7 0-1

[Event "AUTO-OPEN-270"]
[Site "http://www.queenalice.com/game.php?id=107799"]
[Date "2006.9.19"]
[Round "2"]
[White "csadler"]
[Black "saint_bazoka"]
[Result "0-1"]
[WhiteElo "1722"]
[BlackElo "2236"]

1. d4 Nf6 2. c4 g6 3. Nc3 Bg7 4. e4 d6 5. Be2 O-O 6. Bg5 Nbd7 7. Qd2 Re8 8.
O-O-O c5 9. d5 Qa5 10. h4 Nb6 11. h5 Nxh5 12. b3 Bxc3 0-1

[Event "AUTO-OPEN-270"]
[Site "http://www.queenalice.com/game.php?id=107800"]
[Date "2006.9.19"]
[Round "2"]
[White "saint_bazoka"]
[Black "csadler"]
[Result "1-0"]
[WhiteElo "2237"]
[BlackElo "1720"]

1. a3 f5 2. d4 Nf6 3. Bg5 g6 4. Bxf6 exf6 5. c4 Be7 6. Nc3 O-O 7. h4 b6 8. h5
Bb7 9. hxg6 hxg6 10. Qd2 Kf7 11. Rh7+ Ke8 12. Qh6 g5 13. Qg6+ 1-0

[Event "AUTO-OPEN-261"]
[Site "http://www.queenalice.com/game.php?id=110547"]
[Date "2006.9.27"]
[Round "2"]
[White "adrianabarros123"]
[Black "saint_bazoka"]
[Result "1-0"]
[WhiteElo "1810"]
[BlackElo "2220"]

1. e4 c5 2. Nf3 g6 3. d4 cxd4 4. c3 Nc6 5. cxd4 Bg7 6. Nc3 a6 7. Be2 d6 8. O-O
Nf6 9. d5 Ne5 10. Nxe5 dxe5 11. Kh1 O-O 12. f4 Nd7 13. f5 Nf6 14. fxg6 fxg6 15.
Be3 b5 16. b4 Bd7 17. Rc1 1-0

[Event "AUTO-OPEN-261"]
[Site "http://www.queenalice.com/game.php?id=110548"]
[Date "2006.9.27"]
[Round "2"]
[White "saint_bazoka"]
[Black "adrianabarros123"]
[Result "0-1"]
[WhiteElo "1951"]
[BlackElo "1802"]

1. e4 c5 2. d4 cxd4 3. c3 dxc3 4. Nxc3 Nc6 5. Bc4 e6 6. Nf3 d6 7. O-O Be7 8. Bf4
e5 9. Be3 Nf6 10. Qe2 O-O 11. Rfd1 Ng4 12. Nd5 Nxe3 13. Nxe3 Bd7 14. Rac1 a6 15.
Qd3 Rc8 16. a3 b5 17. Bb3 Be6 18. Bd5 Bxd5 19. Nxd5 Bg5 20. Rc3 Na7 0-1

[Event "AUTO-OPEN-261"]
[Site "http://www.queenalice.com/game.php?id=110555"]
[Date "2006.9.27"]
[Round "2"]
[White "chessmaster2800"]
[Black "saint_bazoka"]
[Result "1-0"]
[WhiteElo "1967"]
[BlackElo "2177"]

1. e4 c5 2. d4 cxd4 3. c3 d3 4. Bxd3 Nc6 5. Nf3 d6 6. O-O g6 7. Be3 Bg7 8. Qe2
Bg4 9. h3 Bxf3 10. Qxf3 Nf6 11. Nd2 O-O 12. Qg3 e6 13. Nf3 a6 14. Rad1 Nh5 15.
Qh2 1-0

[Event "AUTO-OPEN-261"]
[Site "http://www.queenalice.com/game.php?id=110556"]
[Date "2006.9.27"]
[Round "2"]
[White "saint_bazoka"]
[Black "chessmaster2800"]
[Result "0-1"]
[WhiteElo "2197"]
[BlackElo "1941"]

1. a3 e5 2. c4 Nc6 3. g3 Nf6 4. Bg2 d5 5. cxd5 Nxd5 6. d3 Be6 7. Nf3 Be7 8. O-O
O-O 9. Nc3 Qd7 10. Re1 Rad8 11. Bd2 f5 12. Ng5 Nxc3 13. bxc3 Bd5 14. e4 fxe4 0-1

[Event "AUTO-OPEN-256"]
[Site "http://www.queenalice.com/game.php?id=117215"]
[Date "2006.10.15"]
[Round "2"]
[White "saint_bazoka"]
[Black "Edgar"]
[Result "0-1"]
[WhiteElo "1956"]
[BlackElo "2098"]

1. e4 e5 2. f4 exf4 3. Nf3 Be7 4. Bc4 Bh4+ 5. Kf1 d6 6. d4 Qf6 7. Qd2 Be6 8.
Bxe6 fxe6 9. e5 dxe5 10. dxe5 Qf7 11. Nxh4 g5 12. Nf3 h6 13. Qb4 b6 14. Qe4 c6
15. Nc3 Ne7 16. Nb5 Nf5 17. Bd2 O-O 0-1

[Event "AUTO-OPEN-256"]
[Site "http://www.queenalice.com/game.php?id=117216"]
[Date "2006.10.15"]
[Round "2"]
[White "Edgar"]
[Black "saint_bazoka"]
[Result "1-0"]
[WhiteElo "2106"]
[BlackElo "1946"]

1. e4 c5 2. Bc4 g6 3. Nf3 Bg7 4. d4 cxd4 5. O-O Qc7 6. Bxf7+ Kxf7 7. Ng5+ Ke8 8.
Na3 Nh6 9. Nf3 Nc6 10. Nxd4 Nxd4 11. c3 Ne6 12. Nb5 Qe5 13. Qe2 a6 14. Na3 b5
15. Rd1 Bb7 16. f3 d6 17. Be3 1-0

[Event "AUTO-OPEN-256"]
[Site "http://www.queenalice.com/game.php?id=117217"]
[Date "2006.10.15"]
[Round "2"]
[White "saint_bazoka"]
[Black "csadler"]
[Result "0-1"]
[WhiteElo "2159"]
[BlackElo "1735"]

1. e4 c6 2. c4 d5 3. cxd5 cxd5 4. exd5 Nf6 5. Qa4+ Bd7 6. Qb3 Qc7 7. Nc3 g6 8.
d4 Bg7 9. Nf3 O-O 10. Bd3 Na6 11. O-O Rac8 12. Re1 Nb8 13. Rxe7 Rce8 0-1

[Event "AUTO-OPEN-256"]
[Site "http://www.queenalice.com/game.php?id=117218"]
[Date "2006.10.15"]
[Round "2"]
[White "csadler"]
[Black "saint_bazoka"]
[Result "1-0"]
[WhiteElo "1765"]
[BlackElo "2136"]

1. Nf3 d5 2. b3 Nf6 3. Bb2 c5 4. e3 a6 5. Be2 Nc6 6. O-O d4 7. exd4 cxd4 8. Re1
e6 9. Na3 b5 10. c4 b4 11. Nc2 d3 12. Bxf6 gxf6 13. Bxd3 Qxd3 14. Re3 1-0

[Event "Challenge"]
[Site "http://www.queenalice.com/game.php?id=121269"]
[Date "2006.10.25"]
[Round "-"]
[White "vlad"]
[Black "saint_bazoka"]
[Result "1-0"]
[WhiteElo "2302"]
[BlackElo "2113"]

1. d4 Nf6 2. c4 g6 3. Nc3 Bg7 4. e4 d6 5. Nf3 O-O 6. Be2 Nbd7 7. O-O e5 8. Be3
exd4 9. Nxd4 Re8 10. f3 c6 11. Qd2 Ne5 12. Rfd1 1-0

[Event "QA-ANNIV-01"]
[Site "http://www.queenalice.com/game.php?id=128202"]
[Date "2006.11.11"]
[Round "6"]
[White "saint_bazoka"]
[Black "MikeDoherty"]
[Result "0-1"]
[WhiteElo "2236"]
[BlackElo "2098"]

1. e4 e6 2. Nf3 d5 3. Nc3 Nf6 4. e5 Nfd7 5. d4 Be7 6. Bd3 c5 7. Bf4 Nc6 8. dxc5
Nxc5 9. O-O Nxd3 10. Qxd3 a6 11. a3 O-O 12. Rfd1 Bd7 13. b3 Rc8 0-1